Missing Number Cliches Quiz Stats

Quiz not verified by Sporcle

Score 0/24 Timer 06:00
0 Plays Today
Phrase Number % Correct
To be on cloud _____nine
98.1%
Like _____ peas in a pod.two
96%
Catch-_____22
95.6%
Wouldn't touch it with
a _____ foot pole.
ten
94.2%
A picture is worth a ______ words.thousand
89.7%
Give me _____.Five
89.4%
_____-ring circusThree
86.9%
_____ senseSixth
86.1%
Dime a _____.dozen
85.1%
_____-year itch.Seven
83.8%
_____ nature.Second
78%
To take the _____fifth
75.3%
Phrase Number % Correct
Behind the _____ ball.eight
74.9%
_____ degree.Third
74.1%
_____ hole.Nineteenth
72.5%
_____ winks.Forty
69.5%
_____ sheets to the wind.Three
67.3%
Section _____eight
57.5%
First ______ years are the hardest.one hundred
56.3%
_____ banana.Second
54.1%
_____ rail.Third
44.5%
_____ column.fifth
33.3%
____-flusher.Four
26.2%
_____-day wonder.Ninety
12.5%

You're not logged in!

Compare scores with friends on all Sporcle quizzes.
Join for Free
OR
Log In

You Might Also Like...

Show Comments

Extras

Top Quizzes Today


Score Distribution

Your Account Isn't Verified!

In order to create a playlist on Sporcle, you need to verify the email address you used during registration. Go to your Sporcle Settings to finish the process.

Report this User

Report this user for behavior that violates our Community Guidelines.

Details: